| 000 | 00928nam a22002057a 4500 | ||
|---|---|---|---|
| 005 | 20080707110957.0 | ||
| 008 | 080707t xxu||||| |||| 00| 0 hin d | ||
| 010 | _aHIN-46150 | ||
| 020 | _c250.00 | ||
| 035 | _aHN-27405 | ||
| 037 | _bDBAD | ||
| 040 |
_adpl _bHN |
||
| 082 | _a759.954 / अग्रवा | ||
| 100 | _aअग्रवाल, श्यामबिहारी | ||
| 245 |
_aभारतीय चित्रकला / _cश्यामबिहारी अग्रवाल |
||
| 260 |
_aइलाहाबाद _bरूपशिल्प प्रकाशन _c1996 |
||
| 300 |
_aभा-1, (2,196पृ.). _c23सेमी. |
||
| 942 |
_2ddc _cHN _h759.954 _mअग्रवा |
||
| 999 |
_c14238 _d14238 |
||